1484 1800 1724 1082 1570 1438 1434 1955 1365 1528 1348 1594 1131 1640 1606 1901 1719 1209 1089 1571 1627 1662 1466 1273 1947 1862 1287 1398 1838 1919 1714 1535 1520 1875 1035 1268 1454 1724 1546 1751 1797 1787 1068 1502 1221 1351 1241 1367 1629 1371 1688 1327 1569 1062 1046 1608 1426 1928 1579 1401 1851 1736 1637 1854 1345 1931 1864 1175 1308 1548 1050 1198 1551 1973 1555 1930 1125 1497 1769 1029 1575 1147 1218 1871 1560 1881 1575 1087 1204 1255 1433 1164 1851 1321 1012 1733 1310 1025 1202 BCNSPRNW ULIB Ver.6.0+V

เปลี่ยนเป็นภาษาไทย

Change to English
 แสดงรายละเอียดบรรณานุกรม
  กลับหน้าหลัก

Brief Record : Get Marc (ISO 2709) : E-mail record : QR code < ปิดหน้าต่าง
LEADER : 00000nam 2200000uu 4500
001    13399120502
003     ULIB
008    020711s2547 th a 000 0 tha d
020    9789748317946
050    WB320 ม175ก
100    มนูญ บัญชรเทวกุล
245    การฟื้นฟูอาการอัมพาตหรืออัมพฤกษ์ครึ่งซีก/^cมนูญ บัญชรเทวกุล
250    พิมพ์ครั้งที่ 3
260     ^bม.ป.ท.,^c2547
300    104 หน้า
650    อัมพาตครึ่งซีก
945    ^p0^l0^i13924
999    ^aทศพร เกษรทอง
รายการนี้ยังไม่มีแท็ก
คุณยังไม่ได้ล็อกอิน คุณสามารถมีกิจกรรมร่วมกับเว็บไซต์ได้ แต่ต้องล็อกอินก่อน ::
  ล็อกอิน

รายการสื่อสารสนเทศ

ลำดับที่ ประเภท เลขเรียก/บาร์โค้ด สถานที่ สถานะ
1. วิทยาศาสตร์การแพทย์ และสุขภาพ
วิทยาศาสตร์การแพทย์ และสุขภาพ
WB320 ม175ก  
  Barcode: 13924
ห้องสมุดวิทยาเขตสวรรค์ประชารักษ์
►หนังสือทั่วไป
บนชั้น

รายการใกล้เคียง
    ผู้แต่ง [มนูญ บัญชรเทวกุล]

    หัวเรื่อง [อัมพาตครึ่งซีก]

BibComment


ยังไม่เคยถูกคอมเมนท์

คอมเมนท์ทรัพยากรรายการนี้
  คอมเมนท์: การฟื้นฟูอาการอัม..


 Copyright 2026. Bcnsprnw @Library